Normal view
MARC view
- Electronic books
Entry Genre/Form Term
001 - CONTROL NUMBER
- control field: 86686
003 - CONTROL NUMBER IDENTIFIER
- control field: NUST
005 - DATE AND TIME OF LATEST TRANSACTION
- control field: 20211215155807.0
008 - FIXED-LENGTH DATA ELEMENTS
- fixed length control field: 211215|| aca||aabn | a|a d
040 ## - CATALOGING SOURCE
- Original cataloging agency: NUST
- Transcribing agency: NUST
155 ## - HEADING--GENRE/FORM TERM
- Genre/form term: Electronic books
670 ## - SOURCE DATA FOUND
- Source citation: Work cat.: (NUST)32793: Waters, T. Frederick. 86683, Fundamentals of manufacturing for engineers /, 1996.
